| 000 | 01025cab a2200241 4500 | ||
|---|---|---|---|
| 001 | X3569 | ||
| 008 | 090401t1996 xxu||||| |||| 00| 0 eng d | ||
| 035 | _a(Sirsi) u31207 | ||
| 041 | _aeng | ||
| 245 | _aSheffield CC v Vesco Developments Ltd | ||
| 260 | _c1996 | ||
| 350 | _a0 | ||
| 490 |
_aPlanning Appeal Decisions _v1996 11 PAD 396-399(4) |
||
| 520 | _aTwo outline applicaitons. Residential. Road link. Near sewage treatmenment works. Potential efects of smells on future residents of appeal site. Whether unaccepable. Whether technical solutions. Whether such could be imposed. Development Plan and emerging Unitary Development Plan. Whether negative condition possible. Whether reclamation possible. (HEADNOTE FROM ABSTRACTS) | ||
| 650 | _aDEVELOPMENT PLAN | ||
| 650 | _aOUTLINE PLANNING APPLICATIONS | ||
| 650 | _aRESIDENTIAL DEVELOPMENT | ||
| 650 | _aSEWERAGE TREATMENT WORKS | ||
| 650 | _aUNITARY DEVELOPMENT PLANS | ||
| 690 | _aPLANNING LAW AND PRACTICE-CASE LAW | ||
| 942 | _n0 | ||
| 948 | _c04/03/1997 | ||
| 999 |
_c20963 _d20963 |
||